Expressions de la langue française faisant référence à une ville - Statistiques

Statistiques générales
  • Ce quiz a été pris 797 fois
  • Le résultat moyen est 4 sur 14
Statistiques - réponses
Expression Ville % Correct
tous les chemins mènent à ... Rome
88%
... vaut bien une messe Paris
82%
Tonnerre de ... ! (juron du Capitaine Haddock) Brest
81%
souviens toi du vase de ... Soissons
52%
pas besoin de sortir de ... Saint-Cyr
25%
c'est le grand luxe, c'est ... Byzance
23%
voir ... et mourir Naples
11%
trouver sa voie, se convertir : trouver son chemin de ... Damas
9%
aller se perdre au bout du monde : partir à ... (bagne militaire) les Bains Tataouine
9%
les délices de ... Capoue
8%
tomber comme à ... (bataille) Gravelotte
8%
je ne dirai rien, mais cela va faire du bruit à ... Landerneau
8%
s'humilier devant quelqu'un : aller à ... Canossa
5%
nier, refuser : aller, battre à ... Niort
1%
Aucun quiz correspondant
Distribution des résultats
% des personnes avec chaque résultat
Percentile par nombre de réponses
Votre historique - résultats
Vous n’avez pas pris ce quiz